Le Plus Grand Français de tous les temps - Statistiques

Statistiques générales
  • Ce quiz a été pris 4 144 fois
  • Le résultat moyen est 36 sur 100
Statistiques - réponses
Rang Français % Correct
1 Charles de Gaulle
94%
16 Napoléon Bonaparte
84%
50 Louis XIV
81%
42 Jacques Chirac
74%
6 Victor Hugo
71%
21 Zinedine Zidane
70%
4 Marie Curie
67%
22 Charlemagne
65%
44 Georges Pompidou
60%
36 Claude François
59%
2 Louis Pasteur
59%
8 Molière
54%
33 Voltaire
54%
26 Émile Zola
53%
17 Louis de Funès
50%
41 Michel Platini
50%
24 François Mitterrand
49%
34 Johnny Hallyday
49%
72 Maximilien de Robespierre
49%
5 Coluche
47%
31 Jeanne d'Arc
47%
10 Edith Piaf
46%
28 Jean Moulin
46%
56 Yannick Noah
46%
7 Bourvil
44%
53 Jean-Jacques Goldman
43%
61 Simone Veil
43%
80 Vercingétorix
43%
99 Gérard Depardieu
42%
71 Jean-Jacques Rousseau
42%
75 Claude Monet
41%
69 Honoré de Balzac
41%
62 Alain Delon
40%
85 Georges Clemenceau
39%
29 Charles Aznavour
38%
3 Abbé Pierre
37%
12 Georges Brassens
37%
14 Jean de La Fontaine
37%
18 Jean Gabin
37%
38 Jean-Paul Belmondo
37%
54 Jean Jaurès
36%
84 Arthur Rimbaud
35%
67 Guy de Maupassant
35%
96 Jean-Paul Sartre
35%
20 Serge Gainsbourg
35%
82 Charles Baudelaire
34%
70 Paul Verlaine
34%
45 Michel Sardou
33%
30 Yves Montand
33%
57 Albert Camus
32%
66 Brigitte Bardot
32%
97 Catherine Deneuve
32%
13 Fernandel
32%
78 Michel Drucker
32%
68 Alexandre Dumas
30%
39 Jules Ferry
30%
40 Louis Lumière
30%
83 Pierre Corneille
30%
51 David Douillet
29%
25 Gustave Eiffel
29%
77 Auguste Renoir
28%
19 Daniel Balavoine
28%
94 Jean Renoir
28%
46 Simone Signoret
28%
43 Charles Trenet
27%
15 Jules Verne
27%
73 Renaud
27%
35 Antoine de Saint-Exupéry
26%
58 Dalida
25%
9 Jacques-Yves Cousteau
25%
23 Lino Ventura
25%
65 Francis Cabrel
24%
48 Jacques Prévert
24%
88 Jean Ferrat
23%
11 Marcel Pagnol
23%
81 Raymond Poulidor
23%
64 Aimé Jacquet
22%
90 Jean Cocteau
22%
89 Lionel Jospin
22%
27 Sœur Emmanuelle
22%
55 Jean Marais
21%
59 Léon Zitrone
21%
91 Luc Besson
21%
63 Patrick Poivre d'Arvor
21%
100 Françoise Dolto
20%
52 Henri Salvador
19%
86 Gilbert Bécaud
18%
92 Tino Rossi
18%
49 Éric Tabarly
17%
47 Haroun Tazieff
17%
76 Michel Serrault
17%
60 Nicolas Hulot
17%
93 Pierre de Coubertin
17%
79 Raimu
17%
98 Serge Reggiani
17%
87 José Bové
16%
74 Bernard Kouchner
15%
32 Maréchal Leclerc
15%
37 Christian Cabrol
14%
95 Gérard Philipe
14%
Aucun quiz correspondant
Distribution des résultats
% des personnes avec chaque résultat
Percentile par nombre de réponses
Votre historique - résultats
Vous n’avez pas pris ce quiz